National identity

Αποθηκεύτηκε σε:
Λεπτομέρειες βιβλιογραφικής εγγραφής
Κύριος συγγραφέας: Smith, Anthony D.
Μορφή: Βιβλίο
Γλώσσα:English
Δημοσίευση: London : Penguin Books, c1991.
Θέματα:
Ετικέτες: Προσθήκη ετικέτας
Δεν υπάρχουν, Καταχωρήστε ετικέτα πρώτοι!

MARC

LEADER 00000cam a2200000 i 4500
001 1/15774
008 980713s1991 enk| ||| |||| ||eng||
020 |a 0140125655 
035 |l 10019959 
040 |a GR-MyUA  |b gre  |e AACR2 
041 0 |a eng 
082 0 |a 320.54 
100 1 |a Smith, Anthony D. 
245 1 0 |a National identity /   |c Anthony D. Smith.  
260 |a London :   |b Penguin Books,   |c c1991.  
300 |a 227 σ.  
504 |a Περιέχει βιβλιογραφικές αναφορές και ευρετήριο.  
650 0 0 |a Nationalism. 
650 0 0 |a Ethnic relations  |x Political aspects. 
650 0 0 |a National characteristics  |x Political aspects. 
650 0 0 |a World politics. 
650 0 0 |a Ethnopsychology  |x Political aspects. 
767 0 8 |i Μεταφρασμένο ως:   |t Εθνική ταυτότητα /  
852 |a INST  |b LESVOS  |e 19980713  |h 320.54 SMI  |p 005100013793  |q 005100013793  |t BK  |y 0 
901 |a BIBL-1998-2 
909 |a Λ  |b 044953 
922 |a 1ΔΩΡ  |b 199604  |c ΤΚΑ